00565nam a2200133Ia 4500008004100000100003300041245012800074260002500202300002000227650001400247856007800261999001900339952007300358160712s9999 xx 000 0 und d aMoratilla, Noel Christian A. cNoel Christian A. MoratillaaSpeaking of the Subaltern: Subjectives and Resistance in the Testimonial Narratives of Workers c2011bDiliman Review avol. 58 no. 1-4 xSUBALTERN uhttp://journals.upd.edu.ph/index.php/dilimanreview/issue/view/513/showToc c297665d297665 001040aCLbCLd2016-07-12l0r2016-07-12 00:00:00w2016-07-12yFEJ